Estatísticas para Comidas típicas do Brasil

Clique aqui para jogar o quiz

Estatísticas Gerais

  • Esse quiz foi jogado 246 vezes
  • A pontuação média é 8 de 8

Estatísticas das Respostas

Resposta% Correto
Churrasco
100%
Coxinha
100%
Pão de queijo
100%
Brigadeiro
98%
Feijoada
98%
Acaí
96%
Pamonha
95%
Acarajé
80%

Distribuição das Pontuações

Percentil de Números Respondidos

Porcentagem de Pessoas com Cada Pontuação

Sua Pontuação Histórica

Você não jogou esse quiz